000 00659nam a2200121Ia 4500
008 220615s9999||||xx |||||||||||||| ||und||
245 0 _aBeyond the Trenches – The Social and Cultural Impact of the Great War
_bSecond Edition
546 _aEnglish[eng]
650 _aHistory||Ancient history||European history||General and world history||Literature: history and criticism||Music||Psychology||Religion and beliefs||Anthropology||Social and cultural anthropology||Sociology
700 _aDzikowska, Elzbieta Katarzyna||Handley, Agata G.||Zawilski, Piotr
856 _uhttps://library.oapen.org/bitstream/20.500.12657/42355/1/9783631806753.pdf
942 _cEB
999 _c18428
_d18428